[Event "Kupreichik Memorial Rapid 2019"]
[Site "Minsk"]
[Date "2019.08.16"]
[Round "7.35"]
[White "Pogorelov, Aleksey"]
[Black "Stsepkina, Yauheniya"]
[Result "0-1"]
[WhiteElo "1548"]
[BlackElo "1537"]
[Annotator "NA"]
[PlyCount "140"]
[EventDate "2019.08.15"]
[EventType "swiss"]
[EventCountry "BLR"]
[SourceTitle "playchess.com"]
[Source "ChessBase"]
[SourceQuality "1"]
[TimeControl "900+10"]

1. d4 {[%emt 0:00:00]} Nf6 {[%emt 0:00:00]} 2. Nf3 {[%emt 0:00:00]} g6 {[%emt 0:00:00]} 3. Bf4 {[%emt 0:00:00]} Bg7 {[%emt 0:00:00]} 4. c3 {[%emt 0:00:00]} O-O {[%emt 0:00:00]} 5. e3 {[%emt 0:00:22]} d6 {[%emt 0:00:00]} 6. Bd3 {[%emt 0:00:06]} Nbd7 {[%emt 0:00:02]} 7. Nbd2 {[%emt 0:00:05]} Re8 {[%emt 0:00:05]} 8. Bc2 {[%emt 0:01:09]} b6 {[%emt 0:00:26]} 9. O-O {[%emt 0:00:07]} Bb7 {[%emt 0:00:01]} 10. h3 {[%emt 0:00:17]} c5 {[%emt 0:03:29]} 11. Re1 {[%emt 0:00:26]} d5 {[%emt 0:00:32]} 12. Rc1 {[%emt 0:00:27]} h6 {[%emt 0:00:39]} 13. Ne5 {[%emt 0:00:35]} Nxe5 {[%emt 0:00:21]} 14. Bxe5 {[%emt 0:00:02]} Nd7 {[%emt 0:00:14]} 15. Bxg7 {[%emt 0:00:39]} Kxg7 {[%emt 0:00:01]} 16. Nf3 {[%emt 0:00:04]} e5 {[%emt 0:00:23]} 17. e4 {[%emt 0:00:37]} exd4 {[%emt 0:00:40]} 18. exd5 {[%emt 0:00:14]} Rxe1+ {[%emt 0:04:14]} 19. Nxe1 {[%emt 0:00:22]} Bxd5 {[%emt 0:00:30]} 20. cxd4 {[%emt 0:00:17]} Qg5 {[%emt 0:00:05]} 21. g3 {[%emt 0:01:57]} Rd8 {[%emt 0:00:25]} 22. dxc5 {[%emt 0:01:02]} Nxc5 {[%emt 0:00:03]} 23. Qd4+ {[%emt 0:00:24]} Kg8 {[%emt 0:00:31]} 24. Rd1 {[%emt 0:00:44]} Ne6 {[%emt 0:00:08]} 25. Qa4 {[%emt 0:02:02]} Qh5 {[%emt 0:02:50]} 26. Kh2 {[%emt 0:01:54]} Kg7 {[%emt 0:02:01]} 27. Ng2 {[%emt 0:01:24]} Ng5 {[%emt 0:01:35]} 28. Nf4 {[%emt 0:02:10]} Nf3+ {[%emt 0:00:05]} 29. Kg2 {[%emt 0:00:27]} Ne5+ {[%emt 0:00:14]} 30. Rxd5 {[%emt 0:01:46]} Qf3+ {[%emt 0:00:08]} 31. Kg1 {[%emt 0:00:06]} Rxd5 {[%emt 0:00:12]} 32. Nxd5 {[%emt 0:00:09]} Qxd5 {[%emt 0:00:11]} 33. Qe4 {[%emt 0:00:05]} Nf3+ {[%emt 0:00:10]} 34. Kg2 {[%emt 0:00:23]} Qxe4 {[%emt 0:00:12]} 35. Bxe4 {[%emt 0:00:03]} Nd4 {[%emt 0:00:03]} 36. b3 {[%emt 0:00:07]} Kf6 {[%emt 0:00:01]} 37. f4 {[%emt 0:00:06]} Ne2 {[%emt 0:00:05]} 38. a4 {[%emt 0:00:10]} Nd4 {[%emt 0:00:13]} 39. Bd5 {[%emt 0:00:04]} Ke7 {[%emt 0:00:04]} 40. Kf2 {[%emt 0:00:06]} f6 {[%emt 0:00:01]} 41. Ke3 {[%emt 0:00:07]} Nf5+ {[%emt 0:00:03]} 42. Kf3 {[%emt 0:00:13]} Nd4+ {[%emt 0:00:47]} 43. Ke3 {[%emt 0:00:11]} Nf5+ {[%emt 0:00:03]} 44. Kf3 {[%emt 0:00:01]} Nd6 {[%emt 0:00:15]} 45. Ke3 {[%emt 0:00:20]} Nf5+ {[%emt 0:00:13]} 46. Kf3 {[%emt 0:00:01]} Nd6 {[%emt 0:00:07]} 47. Ke3 {[%emt 0:00:03]} Nf5+ {[%emt 0:00:01]} 48. Kf3 {[%emt 0:00:01]} Nd4+ {[%emt 0:00:01]} 49. Ke3 {[%emt 0:00:02]} Nf5+ {[%emt 0:00:01]} 50. Kf3 {[%emt 0:00:03]} Nd6 {[%emt 0:00:01]} 51. Ke3 {[%emt 0:00:02]} Nf5+ {[%emt 0:00:01]} 52. Kf3 {[%emt 0:00:05]} Kd6 {[%emt 0:00:07]} 53. Bc4 {[%emt 0:00:16]} Kc5 {[%emt 0:00:10]} 54. g4 {[%emt 0:00:21]} Nd6 {[%emt 0:00:38]} 55. Bg8 {[%emt 0:00:36]} Kd4 {[%emt 0:00:12]} 56. h4 {[%emt 0:00:13]} g5 {[%emt 0:00:30]} 57. hxg5 {[%emt 0:00:10]} hxg5 {[%emt 0:00:01]} 58. fxg5 {[%emt 0:00:05]} fxg5 {[%emt 0:00:01]} 59. Be6 {[%emt 0:00:08]} Nb7 {[%emt 0:00:21]} 60. b4 {[%emt 0:00:52]} Kc3 {[%emt 0:00:15]} 61. a5 {[%emt 0:00:09]} bxa5 {[%emt 0:00:08]} 62. bxa5 {[%emt 0:00:01]} Nxa5 {[%emt 0:00:08]} 63. Ke4 {[%emt 0:00:02]} Nc6 {[%emt 0:00:03]} 64. Bg8 {[%emt 0:00:13]} Nd4 {[%emt 0:00:11]} 65. Ke5 {[%emt 0:00:07]} a5 {[%emt 0:00:18]} 66. Kf6 {[%emt 0:00:17]} a4 {[%emt 0:00:01]} 67. Kxg5 {[%emt 0:00:04]} a3 {[%emt 0:00:01]} 68. Kf4 {[%emt 0:00:26]} Nb3 {[%emt 0:00:02]} 69. g5 {[%emt 0:00:08]} a2 {[%emt 0:00:02]} 70. Bxb3 {[%emt 0:00:11]} Kxb3 {[%emt 0:00:00]} 0-1

[Event "Kupreichik Memorial Rapid 2019"]
[Site "Minsk"]
[Date "2019.08.16"]
[Round "7.36"]
[White "Nikolaev, Dmitry"]
[Black "Yasiukovich, Sergei"]
[Result "1-0"]
[WhiteElo "1677"]
[BlackElo "1529"]
[Annotator "NA"]
[PlyCount "144"]
[EventDate "2019.08.15"]
[EventType "swiss"]
[EventCountry "BLR"]
[SourceTitle "playchess.com"]
[Source "ChessBase"]
[SourceQuality "1"]
[TimeControl "900+10"]

1. Nf3 {[%emt 0:00:00]} d5 {[%emt 0:00:00]} 2. c4 {[%emt 0:00:00]} c6 {[%emt 0:00:00]} 3. cxd5 {[%emt 0:00:04]} cxd5 {[%emt 0:00:00]} 4. g3 {[%emt 0:00:12]} Nf6 {[%emt 0:00:00]} 5. Bg2 {[%emt 0:00:02]} g6 {[%emt 0:00:01]} 6. b3 {[%emt 0:00:09]} Bg7 {[%emt 0:00:01]} 7. Bb2 {[%emt 0:00:02]} O-O {[%emt 0:00:02]} 8. d4 {[%emt 0:00:12]} Nc6 {[%emt 0:00:06]} 9. O-O {[%emt 0:00:04]} Bg4 {[%emt 0:00:18]} 10. Nbd2 {[%emt 0:00:13]} Qd7 {[%emt 0:00:12]} 11. Re1 {[%emt 0:00:26]} Bh3 {[%emt 0:00:04]} 12. Bh1 {[%emt 0:00:01]} Rac8 {[%emt 0:00:38]} 13. Rc1 {[%emt 0:01:27]} Rfd8 {[%emt 0:01:23]} 14. Nh4 {[%emt 0:01:37]} g5 {[%emt 0:01:46]} 15. Ng2 {[%emt 0:00:02]} h6 {[%emt 0:00:18]} 16. Ne3 {[%emt 0:01:58]} Be6 {[%emt 0:00:33]} 17. Rc5 {[%emt 0:00:31]} b6 {[%emt 0:01:12]} 18. Rc2 {[%emt 0:00:30]} Nb4 {[%emt 0:00:26]} 19. Rxc8 {[%emt 0:00:03]} Rxc8 {[%emt 0:00:02]} 20. a3 {[%emt 0:00:42]} Nc6 {[%emt 0:00:01]} 21. Qb1 {[%emt 0:00:03]} Ng4 {[%emt 0:00:49]} 22. Qd3 {[%emt 0:01:41]} Nxe3 {[%emt 0:01:00]} 23. Qxe3 {[%emt 0:00:02]} Bf5 {[%emt 0:00:07]} 24. Rc1 {[%emt 0:00:16]} e6 {[%emt 0:00:35]} 25. Nf3 {[%emt 0:00:19]} Be4 {[%emt 0:01:37]} 26. b4 {[%emt 0:00:56]} Bxf3 {[%emt 0:00:13]} 27. Bxf3 {[%emt 0:00:06]} Ne7 {[%emt 0:00:02]} 28. Qd2 {[%emt 0:01:35]} Rxc1+ {[%emt 0:00:56]} 29. Qxc1 {[%emt 0:00:02]} Qc6 {[%emt 0:00:07]} 30. e3 {[%emt 0:00:21]} Qxc1+ {[%emt 0:00:11]} 31. Bxc1 {[%emt 0:00:01]} Nc8 {[%emt 0:01:14]} 32. Be2 {[%emt 0:00:59]} Nd6 {[%emt 0:00:02]} 33. a4 {[%emt 0:00:24]} Ne4 {[%emt 0:00:25]} 34. Bd3 {[%emt 0:00:31]} Bf8 {[%emt 0:01:07]} 35. Bxe4 {[%emt 0:00:35]} dxe4 {[%emt 0:00:02]} 36. b5 {[%emt 0:00:02]} Bb4 {[%emt 0:00:40]} 37. g4 {[%emt 0:00:25]} e5 {[%emt 0:00:48]} 38. Bb2 {[%emt 0:02:27]} exd4 {[%emt 0:00:16]} 39. Bxd4 {[%emt 0:00:03]} Bd6 {[%emt 0:00:51]} 40. h4 {[%emt 0:00:37]} gxh4 {[%emt 0:00:36]} 41. Kg2 {[%emt 0:00:02]} Kh7 {[%emt 0:00:28]} 42. Kh3 {[%emt 0:00:01]} Kg6 {[%emt 0:00:09]} 43. Kxh4 {[%emt 0:00:02]} f6 {[%emt 0:00:17]} 44. Bc3 {[%emt 0:01:15]} Bc5 {[%emt 0:00:39]} 45. a5 {[%emt 0:00:04]} bxa5 {[%emt 0:00:32]} 46. Bxa5 {[%emt 0:00:02]} Bb6 {[%emt 0:00:22]} 47. Bb4 {[%emt 0:00:05]} Bd8 {[%emt 0:00:09]} 48. Bd6 {[%emt 0:00:09]} f5+ {[%emt 0:00:08]} 49. Kg3 {[%emt 0:00:02]} fxg4 {[%emt 0:00:06]} 50. Kxg4 {[%emt 0:00:01]} Bb6 {[%emt 0:00:54]} 51. Kf4 {[%emt 0:00:20]} h5 {[%emt 0:00:07]} 52. Be7 {[%emt 0:00:18]} Kf7 {[%emt 0:00:07]} 53. Bh4 {[%emt 0:00:17]} Ke6 {[%emt 0:00:34]} 54. Kxe4 {[%emt 0:00:01]} Kd6 {[%emt 0:00:04]} 55. Kf5 {[%emt 0:00:37]} Kc5 {[%emt 0:00:09]} 56. Kg6 {[%emt 0:00:03]} Kxb5 {[%emt 0:00:02]} 57. Kxh5 {[%emt 0:00:01]} Kc4 {[%emt 0:00:05]} 58. Kg4 {[%emt 0:00:32]} Kd3 {[%emt 0:00:16]} 59. Kf5 {[%emt 0:00:09]} a5 {[%emt 0:00:09]} 60. e4 {[%emt 0:00:07]} Bd4 {[%emt 0:00:06]} 61. f4 {[%emt 0:00:10]} a4 {[%emt 0:00:03]} 62. Be7 {[%emt 0:00:02]} Kc4 {[%emt 0:00:07]} 63. e5 {[%emt 0:00:35]} Bc5 {[%emt 0:00:06]} 64. Bxc5 {[%emt 0:00:31]} Kxc5 {[%emt 0:00:01]} 65. e6 {[%emt 0:00:01]} a3 {[%emt 0:00:12]} 66. e7 {[%emt 0:00:14]} a2 {[%emt 0:00:02]} 67. e8=Q {[%emt 0:00:02]} a1=Q {[%emt 0:00:01]} 68. Qe5+ {[%emt 0:00:09]} Qxe5+ {[%emt 0:00:02]} 69. Kxe5 {[%emt 0:00:02]} Kc6 {[%emt 0:00:02]} 70. Ke6 {[%emt 0:00:02]} Kc7 {[%emt 0:00:01]} 71. Ke7 {[%emt 0:00:01]} Kc6 {[%emt 0:00:01]} 72. f5 {[%emt 0:00:01]} Kd5 1-0

[Event "Kupreichik Memorial Rapid 2019"]
[Site "Minsk"]
[Date "2019.08.16"]
[Round "7.37"]
[White "Novik, Nikita"]
[Black "Karlov, Egor"]
[Result "1-0"]
[WhiteElo "1355"]
[BlackElo "1728"]
[Annotator "NA"]
[PlyCount "47"]
[EventDate "2019.08.15"]
[EventType "swiss"]
[EventCountry "BLR"]
[SourceTitle "playchess.com"]
[Source "ChessBase"]
[SourceQuality "1"]
[TimeControl "900+10"]

1. d4 {[%emt 0:00:00]} Nf6 {[%emt 0:00:00]} 2. c4 {[%emt 0:00:00]} e6 {[%emt 0:00:00]} 3. e3 {[%emt 0:00:00]} d5 {[%emt 0:00:00]} 4. cxd5 {[%emt 0:00:02]} exd5 {[%emt 0:00:03]} 5. Nc3 {[%emt 0:00:01]} c6 {[%emt 0:00:01]} 6. Nf3 {[%emt 0:00:07]} Bd6 {[%emt 0:00:06]} 7. Ne5 {[%emt 0:00:40]} Nbd7 {[%emt 0:00:23]} 8. f4 {[%emt 0:00:04]} O-O {[%emt 0:00:31]} 9. Bd3 {[%emt 0:00:27]} c5 {[%emt 0:01:17]} 10. O-O {[%emt 0:01:50]} c4 {[%emt 0:02:13]} 11. Bc2 {[%emt 0:00:22]} Bc7 {[%emt 0:01:57]} 12. h3 {[%emt 0:01:27]} a6 {[%emt 0:03:52]} 13. Qf3 {[%emt 0:02:21]} Nb6 {[%emt 0:00:20]} 14. Bd2 {[%emt 0:00:33]} Bxe5 {[%emt 0:03:05]} 15. fxe5 {[%emt 0:00:28]} Ne8 {[%emt 0:00:05]} 16. Qh5 {[%emt 0:01:14]} g6 {[%emt 0:00:23]} 17. Qh6 {[%emt 0:00:47]} Ng7 {[%emt 0:01:54]} 18. Be1 {[%emt 0:00:37]} Bf5 {[%emt 0:00:37]} 19. Bh4 {[%emt 0:00:17]} Qd7 {[%emt 0:00:36]} 20. Bf6 {[%emt 0:00:38]} Ne8 {[%emt 0:00:30]} 21. Bxf5 {[%emt 0:00:04]} Qc6 {[%emt 0:00:18]} 22. Bg4 {[%emt 0:00:49]} Nd7 {[%emt 0:00:18]} 23. Bxd7 {[%emt 0:00:07]} Qxd7 {[%emt 0:00:02]} 24. Rf4 {[%emt 0:00:23]} 1-0

[Event "Kupreichik Memorial Rapid 2019"]
[Site "Minsk"]
[Date "2019.08.16"]
[Round "7.38"]
[White "Kozlov, Valentin"]
[Black "Karmishyn, Vadzim"]
[Result "1-0"]
[WhiteElo "1871"]
[BlackElo "1494"]
[Annotator "NA"]
[PlyCount "73"]
[EventDate "2019.08.15"]
[EventType "swiss"]
[EventCountry "BLR"]
[SourceTitle "playchess.com"]
[Source "ChessBase"]
[SourceQuality "1"]
[TimeControl "900+10"]

1. e4 {[%emt 0:00:00]} c5 {[%emt 0:00:00]} 2. Nf3 {[%emt 0:00:00]} Nc6 {[%emt 0:00:10]} 3. d4 {[%emt 0:00:00]} cxd4 {[%emt 0:00:13]} 4. Nxd4 {[%emt 0:00:00]} Nf6 {[%emt 0:00:17]} 5. Nc3 {[%emt 0:00:00]} d6 {[%emt 0:00:01]} 6. Bg5 {[%emt 0:00:27]} a6 {[%emt 0:00:33]} 7. Qd2 {[%emt 0:00:28]} Qb6 {[%emt 0:00:28]} 8. Nb3 {[%emt 0:00:32]} Ng4 {[%emt 0:01:13]} 9. h3 {[%emt 0:00:31]} Nge5 {[%emt 0:00:23]} 10. Be3 {[%emt 0:00:07]} Qd8 {[%emt 0:01:12]} 11. Nd5 {[%emt 0:01:13]} Nd7 {[%emt 0:00:55]} 12. Be2 {[%emt 0:00:36]} g6 {[%emt 0:01:32]} 13. Bh6 {[%emt 0:00:34]} Nb6 {[%emt 0:01:10]} 14. Bxf8 {[%emt 0:00:19]} Kxf8 {[%emt 0:00:32]} 15. O-O {[%emt 0:00:58]} Kg7 {[%emt 0:01:05]} 16. Qc3+ {[%emt 0:00:57]} f6 {[%emt 0:00:07]} 17. a4 {[%emt 0:00:48]} Bd7 {[%emt 0:01:27]} 18. Nf4 {[%emt 0:02:22]} Ne5 {[%emt 0:01:06]} 19. a5 {[%emt 0:00:19]} Rc8 {[%emt 0:00:51]} 20. Qd2 {[%emt 0:00:36]} Nbc4 {[%emt 0:00:24]} 21. Qc1 {[%emt 0:00:13]} Bc6 {[%emt 0:00:40]} 22. Ne6+ {[%emt 0:00:09]} Kf7 {[%emt 0:00:09]} 23. Nxd8+ {[%emt 0:00:02]} Rhxd8 {[%emt 0:00:01]} 24. f4 {[%emt 0:00:41]} Bxe4 {[%emt 0:00:29]} 25. fxe5 {[%emt 0:00:11]} Nxe5 {[%emt 0:00:07]} 26. c3 {[%emt 0:00:14]} Kg7 {[%emt 0:00:21]} 27. Nd4 {[%emt 0:00:07]} Bd5 {[%emt 0:00:36]} 28. Bf3 {[%emt 0:00:47]} Nxf3+ {[%emt 0:00:44]} 29. Nxf3 {[%emt 0:00:16]} Rc4 {[%emt 0:00:28]} 30. Qd2 {[%emt 0:00:18]} Bc6 {[%emt 0:01:05]} 31. Nd4 {[%emt 0:00:13]} Bd7 {[%emt 0:00:02]} 32. Rae1 {[%emt 0:00:37]} e5 {[%emt 0:00:22]} 33. Nc2 {[%emt 0:01:28]} Bc6 {[%emt 0:00:27]} 34. Ne3 {[%emt 0:00:16]} Ra4 {[%emt 0:01:06]} 35. Ng4 {[%emt 0:00:17]} Rxg4 36. hxg4 d5 37. g5 1-0

[Event "Kupreichik Memorial Rapid 2019"]
[Site "Minsk"]
[Date "2019.08.17"]
[Round "8.2"]
[White "Zhukova, Natalia"]
[Black "Zhigalko, Sergei"]
[Result "0-1"]
[WhiteElo "2333"]
[BlackElo "2574"]
[Annotator "ChessBase"]
[PlyCount "58"]
[EventDate "2019.08.15"]
[EventType "swiss"]
[EventCountry "BLR"]
[SourceTitle "playchess.com"]
[Source "ChessBase"]
[SourceQuality "1"]
[TimeControl "900+10"]

1. Nf3 {[%emt 0:00:00]} Nf6 {[%emt 0:00:00]} 2. c4 {[%emt 0:00:00]} e6 {[%emt 0:00:00]} 3. b3 {[%emt 0:00:51]} d5 {[%emt 0:00:44]} 4. Bb2 {[%emt 0:00:04]} Be7 {[%emt 0:01:12]} 5. e3 {[%emt 0:00:08]} O-O {[%emt 0:00:03]} 6. Nc3 {[%emt 0:00:05]} b6 {[%emt 0:00:21]} 7. cxd5 {[%emt 0:02:16]} exd5 {[%emt 0:00:01]} 8. d4 {[%emt 0:00:06]} Bb7 {[%emt 0:00:08]} 9. Bd3 {[%emt 0:00:02]} Nbd7 {[%emt 0:00:34]} 10. O-O {[%emt 0:00:05]} Ne4 {[%emt 0:00:15]} 11. Ne2 {[%emt 0:00:09]} Bd6 {[%emt 0:00:16]} 12. Ng3 {[%emt 0:00:03]} Re8 {[%emt 0:00:13]} 13. Rc1 {[%emt 0:00:23]} g6 {[%emt 0:00:27]} 14. Qc2 {[%emt 0:00:28]} Rc8 {[%emt 0:00:50]} 15. Qe2 {[%emt 0:00:50]} Ndf6 {[%emt 0:03:29]} 16. Ne5 {[%emt 0:01:24]} c5 {[%emt 0:00:45]} 17. Nxe4 {[%emt 0:03:38]} dxe4 {[%emt 0:03:23]} 18. Bc4 {[%emt 0:02:30]} Bd5 {[%emt 0:00:10]} 19. Ng4 {[%emt 0:00:31]} Nxg4 {[%emt 0:00:48]} 20. Qxg4 {[%emt 0:00:05]} Bxc4 {[%emt 0:00:45]} 21. Rxc4 {[%emt 0:00:17]} b5 {[%emt 0:00:34]} 22. Rcc1 {[%emt 0:00:30]} c4 {[%emt 0:00:14]} 23. Qe2 {[%emt 0:03:58]} Qa5 {[%emt 0:00:05]} 24. bxc4 {[%emt 0:00:18]} bxc4 {[%emt 0:00:02]} 25. Rxc4 {[%emt 0:00:05]} Qxa2 {[%emt 0:00:22]} 26. Rxc8 {[%emt 0:00:18]} Rxc8 {[%emt 0:00:02]} 27. Ra1 {[%emt 0:00:08]} Qxa1+ {[%emt 0:00:16]} 28. Bxa1 {[%emt 0:00:01]} Rc1+ {[%emt 0:00:02]} 29. Qf1 {[%emt 0:00:00]} Bxh2+ {[%emt 0:00:01]} 0-1

[Event "Kupreichik Memorial Rapid 2019"]
[Site "Minsk"]
[Date "2019.08.17"]
[Round "8.3"]
[White "Sychev, Klementy"]
[Black "Tiviakov, Sergei"]
[Result "0-1"]
[WhiteElo "2579"]
[BlackElo "2611"]
[Annotator "TA"]
[PlyCount "129"]
[EventDate "2019.08.15"]
[EventType "swiss"]
[EventCountry "BLR"]
[SourceTitle "playchess.com"]
[Source "ChessBase"]
[SourceQuality "1"]

{[%evp 9,129,36,49,-7,67,25,23,31,31,20,18,17,20,22,18,8,12,27,30,70,100,96,142,109,98,67,73,82,53,31,26,26,17,-33,-33,-27,-9,-19,-16,-20,-21,-12,-15,-14,0,0,0,0,0,0,-8,-8,0,-6,0,0,0,-54,-41,-59,-38,-33,-22,-38,-22,-71,-74,-41,-14,-94,-94,-94,-94,-94,-94,-94,-94,-94,-94,-94,-94,-81,-83,-133,-113,-167,-107,-190,-102,-91,-89,-175,-175,-275,-275,-312,-320,-441,-429,-644,-663,-612,-541,-738,-790,-1049,-770,-29971,-710,-851,-633,-489,-464,-769,-626,-555,-531,-482,-464,-446,-428,-4627]} 1. e4 d5 2. exd5 Qxd5 3. Nc3 Qd6 4. d4 c6 5. Ne4 (5. Nf3 Bg4 6. Be3 Nf6 7. h3 Bh5 8. g4 Bg6 9. Bg2 Nbd7 10. Nh4 e6 11. Qe2 Be7 12. O-O O-O 13. Nxg6 hxg6 {½-½ (45) Jones,G (2646)-Tiviakov,S (2569) Bunratty 2018}) 5... Qe6 6. f3 {B01: Scandinavian Defence} (6. Qe2 $14) 6... Nf6 (6... f5 $11 7. g3 Nf6 {[%mdl 64] Pin}) 7. Qe2 Qd5 8. c3 {White has an edge.} Bf5 {[%cal Rf6e4]} 9. Nf2 $146 ({Predecessor:} 9. Ng3 g6 10. Nxf5 gxf5 11. Nh3 Nbd7 12. Nf4 Qd6 {1-0 (40) Nevednichy,V (2540)-Ardelean,G (2491) Brasov 2011}) 9... Nbd7 10. g4 Bg6 $1 11. h4 {Strongly threatening h5.} h6 $1 12. Ngh3 $36 {[%mdl 2048] next Nf4 is good for White. White has some pressure.} Bh7 13. Nf4 Qa5 14. g5 Nd5 {[#]} 15. g6 $1 {[%cal Rg6h7]} fxg6 16. Ne6 Nc7 17. Bh3 Nxe6 $1 18. Bxe6 Bg8 19. Bxg8 Rxg8 20. Qe6 Nf6 21. Ne4 (21. Qb3 {keeps more tension.} Qb5 22. Rg1 a6 23. Be3 Qxb3 24. axb3 e6 25. Nd3) 21... Qd5 22. Qxd5 cxd5 23. Nf2 e6 24. Rg1 Kf7 25. Nd3 Nd7 $1 26. Nf4 Bd6 27. Nxg6 e5 28. dxe5 Nxe5 29. Nxe5+ Bxe5 30. Be3 Rge8 {Hoping for ...Bf4.} 31. Kf2 Bf6 32. Rg4 Re6 33. Re1 ({White should play} 33. Bd4 $11) 33... Rae8 34. Bd2 Rxe1 35. Bxe1 $15 {[%mdl 4096] Endgame KRB-KRB} h5 36. Rb4 b6 {With the idea ...a5.} 37. Ra4 a5 {...b5 is the strong threat.} 38. Kf1 Re3 (38... Ra8 $5 {[%cal Rb6b5]} 39. Bf2 b5 $15) 39. Bf2 (39. Rf4 $11) 39... Rxf3 $17 {White must now prevent ...b5.} 40. Ke2 Rh3 41. Bxb6 Rh2+ ({Reject} 41... Rxh4 $6 42. Rxh4 Bxh4 43. Bxa5 $11) 42. Bf2 {[#]} d4 $1 {[%mdl 512]} 43. Kf3 (43. cxd4 Bxh4) 43... dxc3 44. bxc3 Bxc3 45. Rc4 Rh3+ 46. Ke2 Bb4 47. Rc7+ (47. a4 $17) 47... Kg6 (47... Kf6 $19 48. Rc2 Kg6) 48. Bd4 (48. a4 $17 {was called for.}) 48... Rxh4 (48... Bf8 $19 49. Bc5 Bxc5 50. Rc6+ Kf5 51. Rxc5+ Kg4 52. Rg5+ Kxh4 53. Rxg7 a4) 49. Rxg7+ Kf5 50. Bf2 (50. Kd3 $17) 50... Rc4 $19 51. Be3 (51. Rh7 {was necessary.}) 51... Ke4 52. Bb6 Rc2+ 53. Kd1 Rxa2 54. Rg5 (54. Rd7 $142 Bc3 55. Re7+ Kd3 56. Re3+ Kc4 57. Rh3) 54... Rd2+ 55. Kc1 Rd5 56. Rg8 a4 57. Ra8 Rb5 58. Bd8 a3 (58... Kd3 $142 59. Kb2 Bc3+ 60. Ka2 Rb2+ 61. Ka3 Rb1 62. Kxa4 Ra1+ 63. Kb5 Rxa8 64. Bh4 Be5 65. Kc5 Ra4 66. Bg5 h4 67. Kb5 {[#]} h3 $1 {[%mdl 512]} 68. Kxa4 h2 69. Kb5 h1=Q 70. Kc5 Qg1+ 71. Be3 Qxe3+ 72. Kd5 Bh2 73. Kc6 Kc4 74. Kb7 Kb5 75. Ka8 Qe8+ 76. Kb7 Qb8#) 59. Bf6 {Black is clearly winning.} Kd3 60. Rd8+ Kc4 61. Kc2 (61. Rd4+ $142 Kb3 62. Rd3+ Ka4 63. Rh3) 61... Rd5 {( -> ...Rxd8)} 62. Rc8+ Rc5 63. Re8 Rf5 64. Re4+ Kb5 65. Be7 {Accuracy: White = 44%, Black = 68%.} (65. Bd4 $142) 0-1

[Event "Kupreichik Memorial Rapid 2019"]
[Site "Minsk"]
[Date "2019.08.17"]
[Round "8.4"]
[White "Meshkov, Yuri A."]
[Black "Vaganian, Rafael A"]
[Result "0-1"]
[WhiteElo "2336"]
[BlackElo "2514"]
[Annotator "ChessBase"]
[PlyCount "94"]
[EventDate "2019.08.15"]
[EventType "swiss"]
[EventCountry "BLR"]
[SourceTitle "playchess.com"]
[Source "ChessBase"]
[SourceQuality "1"]
[TimeControl "900+10"]

1. d4 {[%emt 0:00:00]} d5 {[%emt 0:00:00]} 2. Bf4 {[%emt 0:00:00]} Nf6 {[%emt 0:00:02]} 3. e3 {[%emt 0:00:00]} g6 {[%emt 0:00:08]} 4. h3 {[%emt 0:00:34]} Bg7 {[%emt 0:00:03]} 5. Nd2 {[%emt 0:00:02]} O-O {[%emt 0:00:11]} 6. Ngf3 {[%emt 0:00:01]} c5 {[%emt 0:00:28]} 7. c3 {[%emt 0:00:01]} b6 {[%emt 0:00:02]} 8. Bd3 {[%emt 0:00:38]} Bb7 {[%emt 0:00:01]} 9. Qb1 {[%emt 0:00:10]} Nbd7 {[%emt 0:00:09]} 10. O-O {[%emt 0:00:13]} a6 {[%emt 0:00:44]} 11. a4 {[%emt 0:01:07]} Re8 {[%emt 0:00:03]} 12. Ne5 {[%emt 0:00:01]} Nxe5 {[%emt 0:00:28]} 13. Bxe5 {[%emt 0:00:07]} Bh6 {[%emt 0:00:12]} 14. Rd1 {[%emt 0:01:35]} Nd7 {[%emt 0:00:02]} 15. Bf4 {[%emt 0:01:04]} Bg7 {[%emt 0:00:37]} 16. Nf3 {[%emt 0:00:05]} f6 {[%emt 0:00:18]} 17. e4 {[%emt 0:00:38]} e5 {[%emt 0:01:33]} 18. dxe5 {[%emt 0:00:07]} fxe5 {[%emt 0:00:05]} 19. Bg5 Bf6 20. Bh6 {[%emt 0:00:24]} c4 {[%emt 0:02:11]} 21. Bc2 {[%emt 0:00:17]} Nc5 {[%emt 0:00:07]} 22. b4 {[%emt 0:00:14]} Nd3 {[%emt 0:03:13]} 23. Bxd3 {[%emt 0:00:30]} cxd3 {[%emt 0:00:01]} 24. Qxd3 {[%emt 0:02:34]} Rc8 {[%emt 0:01:23]} 25. Nd2 {[%emt 0:00:05]} d4 {[%emt 0:00:50]} 26. c4 {[%emt 0:00:23]} Qe7 {[%emt 0:00:01]} 27. Rdb1 {[%emt 0:00:24]} Kh8 {[%emt 0:00:06]} 28. a5 {[%emt 0:01:38]} bxa5 {[%emt 0:00:29]} 29. Rxa5 {[%emt 0:00:10]} g5 {[%emt 0:00:25]} 30. Nf1 {[%emt 0:03:05]} Qe6 {[%emt 0:00:06]} 31. Ng3 {[%emt 0:00:01]} Bd8 {[%emt 0:00:41]} 32. Nf5 {[%emt 0:00:01]} Bxa5 {[%emt 0:00:08]} 33. bxa5 {[%emt 0:00:00]} Bc6 {[%emt 0:01:17]} 34. Bxg5 {[%emt 0:00:16]} Rb8 {[%emt 0:00:12]} 35. Rxb8 {[%emt 0:00:26]} Rxb8 {[%emt 0:00:01]} 36. Qa3 {[%emt 0:00:01]} Bxe4 {[%emt 0:00:18]} 37. Ng3 {[%emt 0:00:07]} Bg6 {[%emt 0:00:07]} 38. Qc5 {[%emt 0:00:09]} Rc8 {[%emt 0:00:23]} 39. Qa7 {[%emt 0:00:10]} d3 {[%emt 0:00:24]} 40. c5 {[%emt 0:00:17]} Kg8 41. Be3 {[%emt 0:00:14]} Rd8 {[%emt 0:00:40]} 42. Nf1 {[%emt 0:00:01]} Kh8 {[%emt 0:00:28]} 43. Nd2 {[%emt 0:00:01]} Rg8 {[%emt 0:00:04]} 44. Qb7 {[%emt 0:00:33]} Be8 {[%emt 0:00:04]} 45. Qb6 {[%emt 0:00:18]} Bc6 {[%emt 0:00:06]} 46. f3 {[%emt 0:00:01]} Qxh3 {[%emt 0:00:03]} 47. g4 {[%emt 0:00:10]} Rxg4+ {[%emt 0:00:01]} 0-1